Dictionnaire : Tous les mots commençant par K - Statistiques

Statistiques générales
  • Ce quiz a été pris 505 fois
  • Le résultat moyen est 22 sur 267
Statistiques - réponses
Début du mot (indice) Mot % Correct
k K
100%
ka Ka
99%
ko Koala
68%
ki Kil
60%
ki Kiwi
58%
ki Kir
57%
ki Kilo
49%
ka Kangourou
48%
ka Kaki
44%
ka Kayak
42%
ki Kilogramme
40%
ki Kilomètre
40%
ka Karaté
35%
ke Képi
35%
ki Kick
33%
ki Kit
31%
ky Kyste
31%
kw Kwa
27%
ki Kimono
26%
ki Kilt
25%
ka Kart
24%
ki Kiki
24%
ke Ket
23%
ki Kilowatt
21%
ki Kinésithérapeute
21%
ka Kazakh
20%
ki Kip
20%
ka Kale
19%
ka Karatéka
19%
ka Karting
19%
kr Krypton
19%
km Km
18%
ko Kop
18%
ka Karma
16%
ka Kata
16%
ke Keum
16%
kh Khmer
16%
kh Khol
16%
kr Krak
16%
ka Kami
15%
ka Kappa
15%
kh Khan
15%
ki Kif
15%
ki Kinésithérapie
15%
ke Kéfir
14%
kh Khi
14%
ki Kilométrage
14%
ki Kippa
14%
kl Klaxon
14%
ko Kob
14%
ko Kot
14%
ka Kapo
13%
ke Kébab
13%
ki Kirghiz
13%
kr Krill
13%
ku Kurde
13%
ka Kana
12%
ke Kermès
12%
ka Kaléidoscope
11%
ka Karaoké
11%
ka Kawaï
11%
ka Kayakiste
11%
ke Kermesse
11%
ka Kaolin
10%
ke Kératine
10%
ke Keuf
10%
ki Kiffer
10%
ki Kilim
10%
kn Knock-out
10%
ka Kabyle
9%
ke Kérosène
9%
kl Klaxonner
9%
ko Koka
9%
kr Kraken
9%
kw K-way
9%
ka Kanak
8%
ke Kétamine
8%
ke Ketch
8%
ke Ketchup
8%
ki Kilométrique
8%
ki Kilotonne
8%
ku Kumquat
8%
ku Kung-fu
8%
ky Kyrie
8%
ka Kabbale
7%
ka Kamikaze
7%
ke Kelvin
7%
ke Kevlar
7%
ki Kilo-octet
7%
ki Kilowattheure
7%
ki Kirsch
7%
ko Korê
7%
kr Krach
7%
kr Kremlin
7%
ki Kilométrer
6%
ki Kinesthésie
6%
ki Kiosque
6%
kr Kraft
6%
ky Kyrielle
6%
ky Kystique
6%
ka Kafkaïen
5%
ka Kaiser
5%
ka Kakémono
5%
ka Karcher
5%
ke Keffieh
5%
ke Kefta
5%
ke Kendo
5%
ki Kibboutz
5%
ki Kidnapper
5%
ki Kidnapping
5%
ki Kitesurf
5%
ki Kitsch
5%
ko Kopeck
5%
ko Kora
5%
ka Kabbalistique
4%
ka Karité
4%
kh Khar
4%
ki Kidnappeur
4%
ki Kilohertz
4%
kn Knout
4%
ks Ksar
4%
ka Kabbaliste
3%
ka Kalachnikov
3%
ka Kanji
3%
ka Kaon
3%
ka Kava
3%
kh Khâgne
3%
kh Khat
3%
ki Kickboxing
3%
ki Kif-kif
3%
ki Kinésiologie
3%
ki Kitchenette
3%
kl Kleenex
3%
ko Kolkhoze
3%
ko Korrigan
3%
ko Koto
3%
ko Kouglof
3%
kr Krav maga
3%
ka Kabig
2%
ka Kabuki
2%
ka Kaléidoscopique
2%
ka Kaliémie
2%
ka Kantien
2%
ka Kantisme
2%
ka Kapok
2%
ka Karmique
2%
ka Karst
2%
ka Katakana
2%
ke Kerrie
2%
ki Kief
2%
ki Kiloeuro
2%
ki Kinésiologue
2%
ki Kinésiste
2%
ki Kinkajou
2%
ki Kipper
2%
ko Kouign-amann
2%
ko Koulak
2%
kr Kraal
2%
kr Kriss
2%
kv Kvas
2%
ka Kacha
1%
ka Kaddish
1%
ka Kala-azar
1%
ka Kalanchoé
1%
ka Kamichi
1%
ka Kaolinisation
1%
ka Kaolinite
1%
ka Kapokier
1%
ka Karstique
1%
ka Katal
1%
ke Kebbé
1%
ke Keepsake
1%
ke Keirin
1%
ke Kémia
1%
ke Kératinisation
1%
ke Kératinisé
1%
ke Kératiniser
1%
ke Kératite
1%
ke Kératose
1%
ke Kerma
1%
ke Keynésianisme
1%
ke Keynésien
1%
kh Khâgneux
1%
kh Khanat
1%
kh Khédive
1%
ki Kinase
1%
ki Kinétoscope
1%
ki King-charles
1%
ki Kiosquier
1%
ki Kitesurfeur
1%
kn Knickers
1%
kn Knock-down
1%
ko Kobold
1%
ko Koinè
1%
ko Kolkhozien
1%
ko Kommandantur
1%
ko Kondo
1%
ko Koubba
1%
ko Koulibiac
1%
ko Kouros
1%
kr Kriek
1%
ku Kummel
1%
ku Kuru
1%
kw Kwic
1%
ky Kyudo
1%
ka Kalaripayat
0%
ka Kalmie
0%
ka Kalmouk
0%
ka Kammerspiel
0%
ka Kamptozoaire
0%
ka Kanban
0%
ka Kandjar
0%
ka Kannara
0%
ka Kanoun
0%
ka Kaoliang
0%
ka Karakou
0%
ka Karakul
0%
ka Karbau
0%
ka Karkadé
0%
ka Karstification
0%
ka Katchina
0%
ka Kathakali
0%
ke Keiretsu
0%
ke Kelsch
0%
ke Kémalisme
0%
ke Kémaliste
0%
ke Kénotron
0%
ke Kentia
0%
ke Kératocône
0%
ke Kératoplastie
0%
ke Kératotomie
0%
ke Kérogène
0%
ke Ketmie
0%
ke Keylogger
0%
kh Khalka
0%
kh Khamsin
0%
kh Kharidjisme
0%
kh Kharidjite
0%
kh Khoisan
0%
ki Kilogramme-force
0%
ki Kilogrammètre
0%
ki Kimbanguisme
0%
ki Kimbanguiste
0%
ki Kimberlite
0%
ki Kirigami
0%
kl Klephte
0%
kl Klezmer
0%
kl Klystron
0%
kn Knockouter
0%
ko Kobudo
0%
ko Kolinski
0%
ko Komsomol
0%
ko Konjac
0%
ko Konzern
0%
ko Koumis
0%
ko Kourgane
0%
kr Kremlinologie
0%
kr Kremlinologique
0%
kr Kremlinologue
0%
kr Kreutzer
0%
kr Kronprinz
0%
ks Kshatriya
0%
ks Kss kss
0%
kw Kwashiorkor
0%
kw Kwoc
0%
ky Kyat
0%
ky Kymrique
0%
Aucun quiz correspondant
Distribution des résultats
% des personnes avec chaque résultat
Percentile par nombre de réponses
Votre historique - résultats
Vous n’avez pas pris ce quiz